Economía solidaria para tiempos de crisis : (Registro nro. 7783)
[ vista simple ]
| 000 -LEADER | |
|---|---|
| fixed length control field | 01246nam a2200253Ia 4500 |
| 003 - CONTROL NUMBER IDENTIFIER | |
| control field | OSt |
| 005 - DATE AND TIME OF LATEST TRANSACTION | |
| control field | 20210503112654.0 |
| 008 - FIXED-LENGTH DATA ELEMENTS--GENERAL INFORMATION | |
| fixed length control field | 210310s1997 ck gr 000 0dspa d |
| 040 ## - CATALOGING SOURCE | |
| Original cataloging agency | CO-JMCR |
| Transcribing agency | CO-JMCR |
| 041 0# - LANGUAGE CODE | |
| Language code of text/sound track or separate title | spa |
| 082 04 - DEWEY DECIMAL CLASSIFICATION NUMBER | |
| Classification number | 334 / |
| Item number | H493e |
| Edition number | 23 |
| 100 1# - MAIN ENTRY--PERSONAL NAME | |
| Personal name | Henao Hoyos, Barlahan, |
| 9 (RLIN) | 15445 |
| Relator term | autor |
| 245 10 - TITLE STATEMENT | |
| Title | Economía solidaria para tiempos de crisis : |
| Remainder of title | reflexiones sobre la identidad cooperativa / |
| Statement of responsibility, etc. | Barlahan Henao Hoyos, Humberto Diez Villa |
| 250 ## - EDITION STATEMENT | |
| Edition statement | Primera edición |
| 260 ## - PUBLICATION, DISTRIBUTION, ETC. | |
| Place of publication, distribution, etc. | Medellín : |
| Name of publisher, distributor, etc. | [Fundesarrollo] ; |
| Date of publication, distribution, etc. | 1997 |
| 300 ## - PHYSICAL DESCRIPTION | |
| Extent | 210 páginas ; |
| Dimensions | 23 cm. |
| 500 ## - GENERAL NOTE | |
| General note | Subtítulo tomado de caratula.<br/>Incluye notas a pie de página. |
| 504 ## - BIBLIOGRAPHY, ETC. NOTE | |
| Bibliography, etc. note | Bibliografía: páginas 207-210 |
| 505 0# - FORMATTED CONTENTS NOTE | |
| Formatted contents note | Tiempos nublados -- Economía y desarrollo -- Hacia una política social inspirada en la solidaridad -- Participación, solidaridad y política -- América Latina: un cambio de modelo aplazado -- Economía y oportunidad -- La actividad financiera del cooperativismo -- La ley cooperativa -- La identidad también hay que construirla -- Hacía el futuro |
| 650 14 - SUBJECT ADDED ENTRY--TOPICAL TERM | |
| Topical term or geographic name entry element | Cooperativismo |
| 9 (RLIN) | 15447 |
| Geographic subdivision | Colombia |
| 650 24 - SUBJECT ADDED ENTRY--TOPICAL TERM | |
| Topical term or geographic name entry element | Política social |
| General subdivision | Solidaridad |
| 9 (RLIN) | 37351 |
| 700 1# - ADDED ENTRY--PERSONAL NAME | |
| Personal name | Diez Villa, Humberto, |
| Relator term | autor |
| 9 (RLIN) | 15445 |
| 942 ## - ADDED ENTRY ELEMENTS (KOHA) | |
| Source of classification or shelving scheme | Dewey Decimal Classification |
| Koha item type | Books |
| Withdrawn status | Lost status | Source of classification or shelving scheme | Damaged status | Not for loan | Collection code | Home library | Current library | Date acquired | Source of acquisition | Full call number | Barcode | Date last seen | Copy number | Koha item type |
|---|---|---|---|---|---|---|---|---|---|---|---|---|---|---|
| Dewey Decimal Classification | Non-fiction | Biblioteca Pública José María del Castillo y Rada | Biblioteca Pública José María del Castillo y Rada | 04/15/2018 | Donación | 334 / H493e | 430003710 | 05/16/2024 | Ej.1 | Books |